|
|
|
|
| LEADER |
03010nam a22004213i 4500 |
| 001 |
EBC5578167 |
| 003 |
MiAaPQ |
| 005 |
20231204023214.0 |
| 006 |
m o d | |
| 007 |
cr cnu|||||||| |
| 008 |
231204s2016 xx o ||||0 eng d |
| 020 |
|
|
|a 9783319324524
|q (electronic bk.)
|
| 020 |
|
|
|z 9783319324517
|
| 035 |
|
|
|a (MiAaPQ)EBC5578167
|
| 035 |
|
|
|a (Au-PeEL)EBL5578167
|
| 035 |
|
|
|a (OCoLC)959803521
|
| 040 |
|
|
|a MiAaPQ
|b eng
|e rda
|e pn
|c MiAaPQ
|d MiAaPQ
|
| 050 |
|
4 |
|a QA71-90
|
| 082 |
0 |
|
|a 510.285536
|
| 100 |
1 |
|
|a Linge, Svein.
|
| 245 |
1 |
0 |
|a Programming for Computations - MATLAB/Octave :
|b A Gentle Introduction to Numerical Simulations with MATLAB/Octave.
|
| 250 |
|
|
|a 1st ed.
|
| 264 |
|
1 |
|a Cham :
|b Springer International Publishing AG,
|c 2016.
|
| 264 |
|
4 |
|c Ã2016.
|
| 300 |
|
|
|a 1 online resource (228 pages)
|
| 336 |
|
|
|a text
|b txt
|2 rdacontent
|
| 337 |
|
|
|a computer
|b c
|2 rdamedia
|
| 338 |
|
|
|a online resource
|b cr
|2 rdacarrier
|
| 490 |
1 |
|
|a Texts in Computational Science and Engineering Series ;
|v v.14
|
| 505 |
0 |
|
|a Intro -- Preface -- Contents -- List of Exercises -- 1 The First Few Steps -- 1.1 What Is a Program? And What Is Programming? -- 1.2 A Matlab Program with Variables -- 1.3 A Matlab Program with a Library Function -- 1.4 A Matlab Program with Vectorization and Plotting -- 1.5 More Basic Concepts -- 1.6 Exercises -- 2 Basic Constructions -- 2.1 If Tests -- 2.2 Functions -- 2.3 For Loops -- 2.4 While Loops -- 2.5 Reading from and Writing to Files -- 2.6 Exercises -- 3 Computing Integrals -- 3.1 Basic Ideas of Numerical Integration -- 3.2 The Composite Trapezoidal Rule -- 3.3 The Composite Midpoint Method -- 3.4 Testing -- 3.5 Vectorization -- 3.6 Measuring Computational Speed -- 3.7 Double and Triple Integrals -- 3.8 Exercises -- 4 Solving Ordinary Differential Equations -- 4.1 Population Growth -- 4.2 Spreading of Diseases -- 4.3 Oscillating One-Dimensional Systems -- 4.4 Exercises -- 5 Solving Partial Differential Equations -- 5.1 Finite Difference Methods -- 5.2 Exercises -- 6 Solving Nonlinear Algebraic Equations -- 6.1 Brute Force Methods -- 6.2 Newton's Method -- 6.3 The Secant Method -- 6.4 The Bisection Method -- 6.5 Rate of Convergence -- 6.6 Solving Multiple Nonlinear Algebraic Equations -- 6.7 Exercises -- References -- Index.
|
| 588 |
|
|
|a Description based on publisher supplied metadata and other sources.
|
| 590 |
|
|
|a Electronic reproduction. Ann Arbor, Michigan : ProQuest Ebook Central, 2023. Available via World Wide Web. Access may be limited to ProQuest Ebook Central affiliated libraries.
|
| 655 |
|
4 |
|a Electronic books.
|
| 700 |
1 |
|
|a Langtangen, Hans Petter.
|
| 776 |
0 |
8 |
|i Print version:
|a Linge, Svein
|t Programming for Computations - MATLAB/Octave
|d Cham : Springer International Publishing AG,c2016
|z 9783319324517
|
| 797 |
2 |
|
|a ProQuest (Firm)
|
| 830 |
|
0 |
|a Texts in Computational Science and Engineering Series
|
| 856 |
4 |
0 |
|u https://ebookcentral.proquest.com/lib/matrademy/detail.action?docID=5578167
|z Click to View
|